| 000 | 00957nas a2200289 4500 | ||
|---|---|---|---|
| 001 | BR2012009586 | ||
| 003 | BR-BrBNA | ||
| 005 | 20231205121708.0 | ||
| 007 | ta | ||
| 008 | 230509b bl.|||p| |||| 00| 00por d | ||
| 040 |
_aBR-BrBNA _bpor _cBiblioteca Nacional de Agricultura |
||
| 041 | _a(Pt) | ||
| 072 | _aF30 | ||
| 100 | 1 | _aSilva, M. de A. | |
| 100 | 1 | _aCaputo, M.M. | |
| 100 | 1 | _aPerecin, D. | |
| 100 | 1 | _aBressiani, J.A. | |
| 245 | 1 | _aComparação de ambientes na germinação de cariopses de cana-de-açúcar | |
| 650 | _aSACCHARUM OFFICINARUM | ||
| 650 | _aMELHORAMENTO GENÉTICO VEGETAL | ||
| 650 | _aCOMPORTAMENTO DE VARIEDADE | ||
| 650 | _aVELOCIDADE | ||
| 773 | 0 |
_tCiência e Agrotecnologia (Brazil) _xISSN 1413-7054 _g(2010), v.34(Ed. Especial) p. 1604-1609 _wBR2012009586 |
|
| 856 | 4 | 0 | _uhttp://www.cloud.editora.ufla.br/revistas/cienagro/pdf/34-E-2010_03.pdf |
| 909 |
_a202311 _bLúcia _c55 _dLúcia Elande |
||
| 942 |
_2AGRIS _n0 _cANA |
||
| 999 |
_c224774 _d224774 |
||